| 000 | 00434nam a2200181Ia 4500 | ||
|---|---|---|---|
| 001 | 10633 | ||
| 005 | 20260306161846.0 | ||
| 008 | 260306t1987||||xx |||||||||||||| ||spa|| | ||
| 041 | _aESP | ||
| 082 |
_a946 _bE61 |
||
| 100 |
_aEngel, Frederic Andre _eAUT |
||
| 245 | 0 | _aEspaña del oriente hacia el occidente | |
| 260 | _c1987 | ||
| 300 |
_a238 páginas : _c21cm. |
||
| 650 | _aGEN | ||
| 654 | _aCHU | ||
| 942 |
_cLIB _dJUS _fJUS _2ddc _n |
||
| 999 |
_c10633 _d10633 |
||